| 000 | 01134cam a2200277 i 4500 | ||
|---|---|---|---|
| 003 | SA-RiAUC | ||
| 005 | 20250626064654.0 | ||
| 008 | 250625s1984 su g 000 0 ara c | ||
| 024 | 0 | _a77000000007409 | |
| 040 |
_aSA-EnSBSSC _bara _cSA-RiAUC _erda |
||
| 050 | 4 | _b.I26 1984 | |
| 082 | 0 | 4 |
_a415.1 _qSA-RiAUC |
| 090 |
_a415.1 _b ا ب ن م |
||
| 100 | 1 |
_aابن مالك، محمد بن عبد الله، _d600-672 هجري _eمؤلف. |
|
| 245 | 1 | 0 |
_aشرح النظم الأوجز في ما يهمز وما لا يهمز / _cتأليف الإمام محمد بن عبد الله بن مالك ؛ تحقيق الدكتور علي حسين البواب. |
| 250 | _aالطبعة الأولى. | ||
| 264 | 1 |
_aالرياض : _bدار العلوم، _c1984 |
|
| 300 |
_a171 صفحة ؛ _c24 سم |
||
| 336 |
_aنص _btxt _2rdacontent _3كتاب |
||
| 337 |
_aبدون وسيط _bn _2rdamedia |
||
| 338 |
_aمجلد _bnc _2rdacarrier |
||
| 650 | 7 |
_aاللغة العربية _xنحو _2aucsh |
|
| 700 | 1 |
_aالبواب، علي حسين، _d1947- _eمحقق. |
|
| 942 |
_2ddc _cBOOK _n0 |
||
| 949 |
_aSA-JeALM _d250625 _uosman123 _n1 |
||
| 999 |
_c9194 _d9194 |
||